Directions for Navigating on Part of the South Coast of Newfoundland, with a Chart Thereof, Including the Islands of St. Peter's and Miquelon : (Record no. 251170)
[ view plain ]
| 000 -LEADER | |
|---|---|
| fixed length control field | 01124cam a22002413a 4500 |
| 001 - CONTROL NUMBER | |
| control field | 21915 |
| 003 - CONTROL NUMBER IDENTIFIER | |
| control field | PGUSA |
| 005 - DATE AND TIME OF LATEST TRANSACTION | |
| control field | 20140828083451.0 |
| 008 - FIXED-LENGTH DATA ELEMENTS--GENERAL INFORMATION | |
| fixed length control field | 070623s2007||||xxu|||||s|||||000 | eng d |
| 040 ## - CATALOGING SOURCE | |
| Original cataloging agency | PGUSA |
| Language of cataloging | eng |
| 042 ## - AUTHENTICATION CODE | |
| Authentication code | dc |
| 050 #4 - LIBRARY OF CONGRESS CALL NUMBER | |
| Classification number | VK |
| 100 1# - MAIN ENTRY--PERSONAL NAME | |
| Personal name | Cook, James, |
| Dates associated with a name | 1728-1779 |
| 245 10 - TITLE STATEMENT | |
| Title | Directions for Navigating on Part of the South Coast of Newfoundland, with a Chart Thereof, Including the Islands of St. Peter's and Miquelon : |
| Remainder of title | And a Particular Account of the Bays, Harbours, Rocks, Land-marks, Depths of Water, Latitudes, Bearings, and Distances from Place to Place, the Setting of the Currents, and Flowing of the Tides, &c., from an Actual Survey, Taken by Order of Commodore Pallisser, Governor of Newfoundland, Labradore, &c. |
| Medium | [electronic resource] / |
| Statement of responsibility, etc | James Cook |
| 260 ## - PUBLICATION, DISTRIBUTION, ETC. (IMPRINT) | |
| Name of publisher, distributor, etc | Project Gutenberg, |
| Date of publication, distribution, etc | 2007 |
| 506 ## - RESTRICTIONS ON ACCESS NOTE | |
| Terms governing access | Public domain in the USA. |
| 516 ## - TYPE OF COMPUTER FILE OR DATA NOTE | |
| Type of computer file or data note | Electronic text |
| 653 ## - INDEX TERM--UNCONTROLLED | |
| Uncontrolled term | Pilot guides -- Newfoundland and Labrador |
| 653 ## - INDEX TERM--UNCONTROLLED | |
| Uncontrolled term | Navigation -- Newfoundland and Labrador |
| 830 #0 - SERIES ADDED ENTRY--UNIFORM TITLE | |
| Uniform title | Project Gutenberg |
| Volume number/sequential designation | 21915 |
| 856 40 - ELECTRONIC LOCATION AND ACCESS | |
| Uniform Resource Identifier | <a href="http://www.gutenberg.org/ebooks/21915">http://www.gutenberg.org/ebooks/21915</a> |
| 942 ## - ADDED ENTRY ELEMENTS (KOHA) | |
| Koha item type | eBooks |
| Withdrawn status | Lost status | Damaged status | Home library | Current library | Date acquired | Total Checkouts | Date last seen | Price effective from | Koha item type |
|---|---|---|---|---|---|---|---|---|---|
| Project Gutenberg | Project Gutenberg | 08/28/2014 | 08/28/2014 | 08/28/2014 | eBooks |